000 00680 a2200205 4500
001 126220
020 _a9788506057186
040 _cEscola Canadense de Niteroi
090 _aKEL
100 _aKelman, Marcy
245 1 0 _aTurner
300 _a15 p.
_bil.
362 0 _a2009
490 0 _aManny mãos a obra
520 _aA ferramenta mais antiga de Manny Mãos à Obra é Turner, uma chave de fenda metida a sabichona e que vive reclamando da vida. Descubra a doce de pessoa que é Turner por trás de toda essa fachada de reclamão e divirta-se com seus olhinhos.
650 4 _aKindergarten's Literature
650 4 _aFerramentas
650 4 _aTv Shows
942 _cBK
999 _c126220
_d126220